[Event "Irena Warakomska Memorial B"]
[Site "chessmanager.com"]
[Date "2018.08.01"]
[Round "1"]
[White "Wielgus, Wojciech"]
[Black "Marinc, Damir"]
[Result "0-1"]
[Board "27"]
[WhiteElo "1652"]
[WhiteCountry "POL"]
[WhiteFideId "21853118"]
[WhiteEloChange "-3"]
[BlackElo "1931"]
[BlackCountry "SLO"]
[BlackFideId "14607344"]
[BlackEloChange "3"]

1. e4 {[%clk 1:30:30]} e6 {[%clk 1:30:30]} 2. d4 {[%clk 1:30:30]} d5 {[%clk
1:30:30]} 3. Nd2 {[%clk 1:30:30]} Nc6 {[%clk 1:30:30]} 4. c3 {[%clk 1:30:30]} e5
{[%clk 1:30:30]} 5. dxe5 {[%clk 1:30:30]} Nxe5 {[%clk 1:30:30]} 6. Ngf3 {[%clk
1:30:30]} Nc6 {[%clk 1:30:30]} 7. exd5 {[%clk 1:30:30]} Qxd5 {[%clk 1:30:30]} 8.
Bc4 {[%clk 1:30:30]} Qh5 {[%clk 1:30:30]} 9. O-O {[%clk 1:30:30]} Nf6 {[%clk
1:30:30]} 10. Re1+ {[%clk 1:30:30]} Be7 {[%clk 1:30:30]} 11. Be2 {[%clk 1:30:30]}
Bg4 {[%clk 1:30:30]} 12. h3 {[%clk 1:30:30]} Bd7 {[%clk 1:30:30]} 13. Nc4 {[%clk
1:30:30]} Qf5 {[%clk 1:30:30]} 14. Bd3 {[%clk 1:30:30]} Qd5 {[%clk 1:30:30]} 15.
Ne3 {[%clk 1:30:30]} Qh5 {[%clk 1:30:30]} 16. Qe2 {[%clk 1:30:30]} O-O {[%clk
1:30:30]} 17. Bd2 {[%clk 1:30:30]} Rfe8 {[%clk 1:30:30]} 18. Rad1 {[%clk
1:30:30]} Bd6 {[%clk 1:30:30]} 19. Nh2 {[%clk 1:30:30]} Qa5 {[%clk 1:30:30]} 20.
a3 {[%clk 1:30:30]} Ne5 {[%clk 1:30:30]} 21. Bc2 {[%clk 1:30:30]} Qb6 {[%clk
1:30:30]} 22. Bc1 {[%clk 1:30:30]} Qc6 {[%clk 1:30:30]} 23. Qf1 {[%clk 1:30:30]}
Be6 {[%clk 1:30:30]} 24. g3 {[%clk 1:30:30]} Qd7 {[%clk 1:30:30]} 25. h4 {[%clk
1:30:30]} Bh3 {[%clk 1:30:30]} 26. Qe2 {[%clk 1:30:30]} Qc6 {[%clk 1:30:30]} 27.
Bf5 {[%clk 1:30:30]} Bxf5 {[%clk 1:30:30]} 28. Nxf5 {[%clk 1:30:30]} Neg4 {[%clk
1:30:30]} 29. Qf3 {[%clk 1:30:30]} Qxf3 {[%clk 1:30:30]} 30. Nxf3 {[%clk
1:30:30]} Bc5 {[%clk 1:30:30]} 31. N5d4 {[%clk 1:30:30]} Ne4 {[%clk 1:30:30]} 32.
Re2 {[%clk 1:30:30]} Rad8 {[%clk 1:30:30]} 33. Be3 {[%clk 1:30:30]} Nxg3 {[%clk
1:30:30]} 34. fxg3 {[%clk 1:30:30]} Rxe3 {[%clk 1:30:30]} 35. Rxe3 {[%clk
1:30:30]} Nxe3 {[%clk 1:30:30]} 36. Re1 {[%clk 1:30:30]} Nf5 {[%clk 1:30:30]} 37.
Kg2 {[%clk 1:30:30]} Nxd4 {[%clk 1:30:30]} 38. Nxd4 {[%clk 1:30:30]} Bxd4 {[%clk
1:30:30]} 39. cxd4 {[%clk 1:30:30]} Kf8 {[%clk 1:30:30]} 40. Re4 {[%clk 1:30:30]}
Re8 {[%clk 1:30:30]} 41. Kf3 {[%clk 1:30:30]} Rxe4 {[%clk 1:30:30]} 42. Kxe4
{[%clk 1:30:30]} Ke7 {[%clk 1:30:30]} 43. Ke5 {[%clk 1:30:30]} f6+ {[%clk
1:30:30]} 44. Kd5 {[%clk 1:30:30]} c6+ {[%clk 1:30:30]} 45. Kc5 {[%clk 1:30:30]}
Ke6 {[%clk 1:30:30]} 46. b4 {[%clk 1:30:30]} g5 {[%clk 1:30:30]} 47. hxg5 {[%clk
1:30:30]} fxg5 {[%clk 1:30:30]} 48. g4 {[%clk 1:30:30]} h5 {[%clk 1:30:30]} 49.
gxh5 {[%clk 1:30:30]} g4 {[%clk 1:30:30]} 50. h6 {[%clk 1:30:30]} Kf6 {[%clk
1:30:30]} 51. b5 {[%clk 1:30:30]} g3 {[%clk 1:30:30]} 52. bxc6 {[%clk 1:30:30]}
bxc6 {[%clk 1:30:30]} 53. Kxc6 {[%clk 1:30:30]} g2 {[%clk 1:30:30]} 54. h7 {[%clk
1:30:30]} Kg7 {[%clk 1:30:30]} 55. d5 {[%clk 1:30:30]} g1Q {[%clk 1:30:30]} 56.
d6 {[%clk 1:30:30]} Qb6+ {[%clk 1:30:30]} 57. Kd7 {[%clk 1:30:30]} Kxh7 {[%clk
1:30:30]} 58. Ke7 {[%clk 1:30:30]} Qe3+ {[%clk 1:30:30]} 59. Kd8 {[%clk 1:30:30]}
Qxa3 {[%clk 1:30:30]} 60. d7 {[%clk 1:30:30]} a5 {[%clk 1:30:30]} 61. Kc8 {[%clk
1:30:30]} Qc5+ {[%clk 1:30:30]} 62. Kd8 {[%clk 1:30:30]} a4 {[%clk 1:30:30]} 63.
Ke8 {[%clk 1:30:30]} Qc6 {[%clk 1:30:30]} 64. Ke7 {[%clk 1:30:30]} Qxd7+ {[%clk
1:30:30]} 65. Kxd7 {[%clk 1:30:30]} a3 {[%clk 1:30:30]} 66. Ke7 {[%clk 1:30:30]}
a2 {[%clk 1:30:30]} 67. Kf8 {[%clk 1:30:30]} a1R {[%clk 1:30:30]} 68. Ke7 {[%clk
1:30:30]} Ra6 {[%clk 1:30:30]} 69. Kd7 {[%clk 1:30:30]} Kg6 {[%clk 1:30:30]} 70.
Kc7 {[%clk 1:30:30]} Kf5 {[%clk 1:30:30]} 71. Kb7 {[%clk 1:30:30]} Rh6 {[%clk
1:30:30]} 72. Kc7 {[%clk 1:30:30]} Ke5 {[%clk 1:30:30]} 73. Kd7 {[%clk 1:30:30]}
Rg6 {[%clk 1:30:30]} 74. Kc7 {[%clk 1:30:30]} Kd5 {[%clk 1:30:30]} 75. Kb7 {[%clk
1:30:30]} Rf6 {[%clk 1:30:30]} 76. Kc7 {[%clk 1:30:30]} Rh6 {[%clk 1:30:30]} 77.
Kd7 {[%clk 1:30:30]} Rh7+ {[%clk 1:30:30]} 78. Ke8 {[%clk 1:30:30]} Kd6 {[%clk
1:30:30]} 79. Kf8 {[%clk 1:30:30]} Ke6 {[%clk 1:30:30]} 80. Kg8 {[%clk 1:30:30]}
Rb7 {[%clk 1:30:30]} 81. Kf8 {[%clk 1:30:30]} Ra7 {[%clk 1:30:30]} 82. Kg8 {[%clk
1:30:30]} Kf6 {[%clk 1:30:30]} 83. Kh8 {[%clk 1:30:30]} Kg6 {[%clk 1:30:30]} 84.
Kg8 {[%clk 1:30:30]} Ra8# {[%clk 1:30:30]} 0-1

[Event "Irena Warakomska Memorial B"]
[Site "chessmanager.com"]
[Date "2018.08.01"]
[Round "1"]
[White "Bury, Gleb M"]
[Black "Huchwajda, Grzegorz"]
[Result "1/2-1/2"]
[Board "28"]
[WhiteElo "1942"]
[WhiteCountry "BLR"]
[WhiteFideId "13519131"]
[WhiteEloChange "-8"]
[BlackElo "1523"]
[BlackCountry "POL"]
[BlackFideId "21806357"]
[BlackEloChange "8"]

1. e4 {[%clk 1:30:30]} c5 {[%clk 1:30:30]} 2. Nf3 {[%clk 1:30:30]} e6 {[%clk
1:30:30]} 3. d4 {[%clk 1:30:30]} cxd4 {[%clk 1:30:30]} 4. Nxd4 {[%clk 1:30:30]}
Nf6 {[%clk 1:30:30]} 5. Nc3 {[%clk 1:30:30]} Nc6 {[%clk 1:30:30]} 6. Ndb5 {[%clk
1:30:30]} Bb4 {[%clk 1:30:30]} 7. a3 {[%clk 1:30:30]} Bxc3+ {[%clk 1:30:30]} 8.
Nxc3 {[%clk 1:30:30]} d5 {[%clk 1:30:30]} 9. exd5 {[%clk 1:30:30]} exd5 {[%clk
1:30:30]} 10. Bd3 {[%clk 1:30:30]} O-O {[%clk 1:30:30]} 11. O-O {[%clk 1:30:30]}
d4 {[%clk 1:30:30]} 12. Ne4 {[%clk 1:30:30]} Bf5 {[%clk 1:30:30]} 13. Bg5 {[%clk
1:30:30]} Bxe4 {[%clk 1:30:30]} 14. Bxe4 {[%clk 1:30:30]} Qd6 {[%clk 1:30:30]}
15. Bd3 {[%clk 1:30:30]} Rfe8 {[%clk 1:30:30]} 16. Qf3 {[%clk 1:30:30]} Ne5
{[%clk 1:30:30]} 17. Qg3 {[%clk 1:30:30]} Nh5 {[%clk 1:30:30]} 18. Qh3 {[%clk
1:30:30]} Nxd3 {[%clk 1:30:30]} 19. Qxd3 {[%clk 1:30:30]} Nf4 {[%clk 1:30:30]}
20. Bxf4 {[%clk 1:30:30]} Qxf4 {[%clk 1:30:30]} 21. Rad1 {[%clk 1:30:30]} Rad8
{[%clk 1:30:30]} 22. c3 {[%clk 1:30:30]} Re6 {[%clk 1:30:30]} 23. g3 {[%clk
1:30:30]} Qf6 {[%clk 1:30:30]} 24. cxd4 {[%clk 1:30:30]} Red6 {[%clk 1:30:30]}
25. Rfe1 {[%clk 1:30:30]} g6 {[%clk 1:30:30]} 26. Re4 {[%clk 1:30:30]} Qg7 {[%clk
1:30:30]} 27. Qe3 {[%clk 1:30:30]} Qf8 {[%clk 1:30:30]} 28. Re1 {[%clk 1:30:30]}
h5 {[%clk 1:30:30]} 29. Re7 {[%clk 1:30:30]} R6d7 {[%clk 1:30:30]} 30. Rxd7
{[%clk 1:30:30]} Rxd7 {[%clk 1:30:30]} 31. Qe5 {[%clk 1:30:30]} Qd8 {[%clk
1:30:30]} 32. Qe8+ {[%clk 1:30:30]} Qxe8 {[%clk 1:30:30]} 33. Rxe8+ {[%clk
1:30:30]} Kg7 {[%clk 1:30:30]} 34. Re3 {[%clk 1:30:30]} Kf6 {[%clk 1:30:30]} 35.
Rd3 {[%clk 1:30:30]} Ke6 {[%clk 1:30:30]} 36. f3 {[%clk 1:30:30]} Kd5 {[%clk
1:30:30]} 37. b3 {[%clk 1:30:30]} Rc7 {[%clk 1:30:30]} 38. Kf2 {[%clk 1:30:30]}
Rc2+ {[%clk 1:30:30]} 39. Ke3 {[%clk 1:30:30]} Rxh2 {[%clk 1:30:30]} 40. Rc3
{[%clk 1:30:30]} Kd6 {[%clk 1:30:30]} 41. Rc5 {[%clk 1:30:30]} b6 {[%clk
1:30:30]} 42. Rc3 {[%clk 1:30:30]} g5 {[%clk 1:30:30]} 43. Ke4 {[%clk 1:30:30]}
Rh3 {[%clk 1:30:30]} 44. d5 {[%clk 1:30:30]} Rxg3 {[%clk 1:30:30]} 45. Rc6+
{[%clk 1:30:30]} Kd7 {[%clk 1:30:30]} 46. Rf6 {[%clk 1:30:30]} Ke7 {[%clk
1:30:30]} 47. Ke5 {[%clk 1:30:30]} h4 {[%clk 1:30:30]} 48. d6+ {[%clk 1:30:30]}
Ke8 {[%clk 1:30:30]} 49. Ke4 {[%clk 1:30:30]} g4 {[%clk 1:30:30]} 50. fxg4 {[%clk
1:30:30]} Rxg4+ {[%clk 1:30:30]} 51. Kd5 {[%clk 1:30:30]} Rg6 {[%clk 1:30:30]}
52. d7+ {[%clk 1:30:30]} Kxd7 {[%clk 1:30:30]} 53. Rxf7+ {[%clk 1:30:30]} Kc8
{[%clk 1:30:30]} 54. Rh7 {[%clk 1:30:30]} Rg3 {[%clk 1:30:30]} 55. Rxa7 {[%clk
1:30:30]} Rxb3 {[%clk 1:30:30]} 56. Rh7 {[%clk 1:30:30]} h3 {[%clk 1:30:30]} 57.
Kc6 {[%clk 1:30:30]} Kd8 {[%clk 1:30:30]} 58. a4 {[%clk 1:30:30]} Ra3 {[%clk
1:30:30]} 1/2-1/2

[Event "Irena Warakomska Memorial B"]
[Site "chessmanager.com"]
[Date "2018.08.01"]
[Round "1"]
[White "Sapinski, Sebastian"]
[Black "Jankowiak, Piotr"]
[Result "1/2-1/2"]
[Board "29"]
[WhiteElo "1496"]
[WhiteCountry "POL"]
[WhiteFideId "21817340"]
[WhiteEloChange "8"]
[BlackElo "1902"]
[BlackCountry "POL"]
[BlackFideId "1185250"]
[BlackEloChange "-8"]

1. e4 {[%clk 1:30:30]} e5 {[%clk 1:30:30]} 2. Nf3 {[%clk 1:30:30]} d6 {[%clk
1:30:30]} 3. d4 {[%clk 1:30:30]} exd4 {[%clk 1:30:30]} 4. Nxd4 {[%clk 1:30:30]}
Nf6 {[%clk 1:30:30]} 5. Nc3 {[%clk 1:30:30]} Nc6 {[%clk 1:30:30]} 6. Nxc6 {[%clk
1:30:30]} bxc6 {[%clk 1:30:30]} 7. Bc4 {[%clk 1:30:30]} Be7 {[%clk 1:30:30]} 8.
O-O {[%clk 1:30:30]} O-O {[%clk 1:30:30]} 9. Re1 {[%clk 1:30:30]} Nd7 {[%clk
1:30:30]} 10. Bb3 {[%clk 1:30:30]} Bf6 {[%clk 1:30:30]} 11. Be3 {[%clk 1:30:30]}
Re8 {[%clk 1:30:30]} 12. f3 {[%clk 1:30:30]} Nb6 {[%clk 1:30:30]} 13. Qd3 {[%clk
1:30:30]} Qe7 {[%clk 1:30:30]} 14. Nd1 {[%clk 1:30:30]} a5 {[%clk 1:30:30]} 15.
a3 {[%clk 1:30:30]} Ba6 {[%clk 1:30:30]} 16. Qd2 {[%clk 1:30:30]} a4 {[%clk
1:30:30]} 17. Bxb6 {[%clk 1:30:30]} axb3 {[%clk 1:30:30]} 18. Bf2 {[%clk
1:30:30]} bxc2 {[%clk 1:30:30]} 19. Qxc2 {[%clk 1:30:30]} Qd7 {[%clk 1:30:30]}
20. Rc1 {[%clk 1:30:30]} c5 {[%clk 1:30:30]} 21. Ne3 {[%clk 1:30:30]} Reb8 {[%clk
1:30:30]} 22. b3 {[%clk 1:30:30]} Qb5 {[%clk 1:30:30]} 23. b4 {[%clk 1:30:30]}
cxb4 {[%clk 1:30:30]} 24. axb4 {[%clk 1:30:30]} Bd8 {[%clk 1:30:30]} 25. Nd5
{[%clk 1:30:30]} Rc8 {[%clk 1:30:30]} 26. Qd2 {[%clk 1:30:30]} Qd3 {[%clk
1:30:30]} 27. Qxd3 {[%clk 1:30:30]} Bxd3 {[%clk 1:30:30]} 28. e5 {[%clk 1:30:30]}
dxe5 {[%clk 1:30:30]} 29. Rxe5 {[%clk 1:30:30]} f6 {[%clk 1:30:30]} 30. Re3
{[%clk 1:30:30]} Bb5 {[%clk 1:30:30]} 31. Ne7+ {[%clk 1:30:30]} Bxe7 {[%clk
1:30:30]} 32. Rxe7 {[%clk 1:30:30]} c6 {[%clk 1:30:30]} 33. Bc5 {[%clk 1:30:30]}
Re8 {[%clk 1:30:30]} 34. Rxe8+ {[%clk 1:30:30]} 1/2-1/2

[Event "Irena Warakomska Memorial B"]
[Site "chessmanager.com"]
[Date "2018.08.01"]
[Round "1"]
[White "Krasiewicz, Robert"]
[Black "Warchol, Kamil"]
[Result "1-0"]
[Board "30"]
[WhiteElo "1990"]
[WhiteCountry "POL"]
[WhiteFideId "1128612"]
[WhiteEloChange "2"]
[BlackElo "1540"]
[BlackTitle "CM"]
[BlackCountry "POL"]
[BlackFideId "21858241"]
[BlackEloChange "-2"]

1. c4 {[%clk 1:30:30]} e5 {[%clk 1:30:30]} 2. g3 {[%clk 1:30:30]} Nf6 {[%clk
1:30:30]} 3. Bg2 {[%clk 1:30:30]} c6 {[%clk 1:30:30]} 4. d4 {[%clk 1:30:30]} Bb4+
{[%clk 1:30:30]} 5. Nc3 {[%clk 1:30:30]} Qa5 {[%clk 1:30:30]} 6. dxe5 {[%clk
1:30:30]} Bxc3+ {[%clk 1:30:30]} 7. bxc3 {[%clk 1:30:30]} Qxc3+ {[%clk 1:30:30]}
8. Bd2 {[%clk 1:30:30]} Qxe5 {[%clk 1:30:30]} 9. Nf3 {[%clk 1:30:30]} Qe7 {[%clk
1:30:30]} 10. Bc3 {[%clk 1:30:30]} O-O {[%clk 1:30:30]} 11. O-O {[%clk 1:30:30]}
Re8 {[%clk 1:30:30]} 12. Re1 {[%clk 1:30:30]} Na6 {[%clk 1:30:30]} 13. Be5 {[%clk
1:30:30]} Ne4 {[%clk 1:30:30]} 14. Rc1 {[%clk 1:30:30]} d6 {[%clk 1:30:30]} 15.
Bb2 {[%clk 1:30:30]} Bf5 {[%clk 1:30:30]} 16. Nd4 {[%clk 1:30:30]} Bg6 {[%clk
1:30:30]} 17. f3 {[%clk 1:30:30]} Nf6 {[%clk 1:30:30]} 18. e4 {[%clk 1:30:30]}
Rad8 {[%clk 1:30:30]} 19. Qd2 {[%clk 1:30:30]} Nc5 {[%clk 1:30:30]} 20. h4 {[%clk
1:30:30]} Nfd7 {[%clk 1:30:30]} 21. h5 {[%clk 1:30:30]} Bxh5 {[%clk 1:30:30]} 22.
Nf5 {[%clk 1:30:30]} Qe6 {[%clk 1:30:30]} 23. Nxg7 {[%clk 1:30:30]} Qg6 {[%clk
1:30:30]} 24. Nxe8 {[%clk 1:30:30]} Rxe8 {[%clk 1:30:30]} 25. g4 {[%clk 1:30:30]}
Ne5 {[%clk 1:30:30]} 26. Bxe5 {[%clk 1:30:30]} Rxe5 {[%clk 1:30:30]} 27. gxh5
{[%clk 1:30:30]} Rxh5 {[%clk 1:30:30]} 28. Rcd1 {[%clk 1:30:30]} Rg5 {[%clk
1:30:30]} 29. Re2 {[%clk 1:30:30]} Ne6 {[%clk 1:30:30]} 30. Qxd6 {[%clk 1:30:30]}
Qf6 {[%clk 1:30:30]} 31. Rf2 {[%clk 1:30:30]} Kh8 {[%clk 1:30:30]} 32. f4 {[%clk
1:30:30]} Rg8 {[%clk 1:30:30]} 33. Qe5 {[%clk 1:30:30]} Qxe5 {[%clk 1:30:30]} 34.
fxe5 {[%clk 1:30:30]} Rf8 {[%clk 1:30:30]} 35. Rd7 {[%clk 1:30:30]} Nd8 {[%clk
1:30:30]} 36. e6 {[%clk 1:30:30]} Nxe6 {[%clk 1:30:30]} 37. Rfxf7 {[%clk
1:30:30]} Rxf7 {[%clk 1:30:30]} 38. Rxf7 {[%clk 1:30:30]} Kg8 {[%clk 1:30:30]}
39. Rxb7 {[%clk 1:30:30]} a6 {[%clk 1:30:30]} 40. e5 {[%clk 1:30:30]} h6 {[%clk
1:30:30]} 41. Bxc6 {[%clk 1:30:30]} Kf8 {[%clk 1:30:30]} 42. Bd5 {[%clk 1:30:30]}
Nd8 {[%clk 1:30:30]} 43. Rh7 {[%clk 1:30:30]} h5 {[%clk 1:30:30]} 44. e6 {[%clk
1:30:30]} Ke8 {[%clk 1:30:30]} 45. c5 {[%clk 1:30:30]} h4 {[%clk 1:30:30]} 46. c6
{[%clk 1:30:30]} Nxc6 {[%clk 1:30:30]} 47. Bxc6+ {[%clk 1:30:30]} Kd8 {[%clk
1:30:30]} 48. e7+ {[%clk 1:30:30]} Kc7 {[%clk 1:30:30]} 49. e8Q+ {[%clk 1:30:30]}
Kb6 {[%clk 1:30:30]} 50. Rb7+ {[%clk 1:30:30]} Kc5 {[%clk 1:30:30]} 51. Qd7
{[%clk 1:30:30]} Kc4 {[%clk 1:30:30]} 52. Qd5+ {[%clk 1:30:30]} Kc3 {[%clk
1:30:30]} 53. Rb3+ {[%clk 1:30:30]} Kc2 {[%clk 1:30:30]} 54. Qd3+ {[%clk
1:30:30]} Kc1 {[%clk 1:30:30]} 55. Rb1# {[%clk 1:30:30]} 1-0

[Event "Irena Warakomska Memorial B"]
[Site "chessmanager.com"]
[Date "2018.08.01"]
[Round "1"]
[White "Kwiecinski, Rafal"]
[Black "Piekielny, Pawel"]
[Result "0-1"]
[Board "31"]
[WhiteElo "1459"]
[WhiteCountry "POL"]
[WhiteFideId "21008868"]
[WhiteEloChange "-2"]
[BlackElo "1918"]
[BlackCountry "POL"]
[BlackFideId "21838828"]
[BlackEloChange "2"]

1. e4 {[%clk 1:30:30]} e6 {[%clk 1:30:30]} 2. d4 {[%clk 1:30:30]} d5 {[%clk
1:30:30]} 3. e5 {[%clk 1:30:30]} c5 {[%clk 1:30:30]} 4. c3 {[%clk 1:30:30]} Qb6
{[%clk 1:30:30]} 5. Nf3 {[%clk 1:30:30]} Nc6 {[%clk 1:30:30]} 6. Be2 {[%clk
1:30:30]} Nge7 {[%clk 1:30:30]} 7. dxc5 {[%clk 1:30:30]} Qxc5 {[%clk 1:30:30]} 8.
Be3 {[%clk 1:30:30]} Qa5 {[%clk 1:30:30]} 9. b4 {[%clk 1:30:30]} Qc7 {[%clk
1:30:30]} 10. Bb5 {[%clk 1:30:30]} Ng6 {[%clk 1:30:30]} 11. Qd4 {[%clk 1:30:30]}
Bd7 {[%clk 1:30:30]} 12. Bxc6 {[%clk 1:30:30]} Bxc6 {[%clk 1:30:30]} 13. a4
{[%clk 1:30:30]} Ne7 {[%clk 1:30:30]} 14. Nh4 {[%clk 1:30:30]} Bd7 {[%clk
1:30:30]} 15. f4 {[%clk 1:30:30]} Nc6 {[%clk 1:30:30]} 16. Qd3 {[%clk 1:30:30]}
Be7 {[%clk 1:30:30]} 17. Nf3 {[%clk 1:30:30]} f6 {[%clk 1:30:30]} 18. b5 {[%clk
1:30:30]} Na5 {[%clk 1:30:30]} 19. Nbd2 {[%clk 1:30:30]} Rc8 {[%clk 1:30:30]} 20.
Bd4 {[%clk 1:30:30]} Nc4 {[%clk 1:30:30]} 21. O-O {[%clk 1:30:30]} a6 {[%clk
1:30:30]} 22. Rab1 {[%clk 1:30:30]} O-O {[%clk 1:30:30]} 23. Nxc4 {[%clk
1:30:30]} dxc4 {[%clk 1:30:30]} 24. Qe3 {[%clk 1:30:30]} Qa5 {[%clk 1:30:30]} 25.
bxa6 {[%clk 1:30:30]} bxa6 {[%clk 1:30:30]} 26. Ra1 {[%clk 1:30:30]} f5 {[%clk
1:30:30]} 27. Rfb1 {[%clk 1:30:30]} Rb8 {[%clk 1:30:30]} 28. Rb6 {[%clk 1:30:30]}
Rfc8 {[%clk 1:30:30]} 29. Ng5 {[%clk 1:30:30]} Rxb6 {[%clk 1:30:30]} 30. Bxb6
{[%clk 1:30:30]} Qd5 {[%clk 1:30:30]} 31. a5 {[%clk 1:30:30]} Bc6 {[%clk
1:30:30]} 32. Nf3 {[%clk 1:30:30]} Bb7 {[%clk 1:30:30]} 33. Qe2 {[%clk 1:30:30]}
Bc5+ {[%clk 1:30:30]} 34. Bxc5 {[%clk 1:30:30]} Rxc5 {[%clk 1:30:30]} 35. Nd4
{[%clk 1:30:30]} g6 {[%clk 1:30:30]} 36. h4 {[%clk 1:30:30]} Kf7 {[%clk 1:30:30]}
37. Nf3 {[%clk 1:30:30]} Qd3 {[%clk 1:30:30]} 38. Qf1 {[%clk 1:30:30]} Bxf3
{[%clk 1:30:30]} 39. Qxf3 {[%clk 1:30:30]} Rd5 {[%clk 1:30:30]} 40. Qxd3 {[%clk
1:30:30]} Rxd3 {[%clk 1:30:30]} 41. Ra3 {[%clk 1:30:30]} Ke7 {[%clk 1:30:30]} 42.
Kf1 {[%clk 1:30:30]} Kd7 {[%clk 1:30:30]} 43. Ke2 {[%clk 1:30:30]} Kc6 {[%clk
1:30:30]} 44. Kf2 {[%clk 1:30:30]} Kc5 {[%clk 1:30:30]} 45. g3 {[%clk 1:30:30]}
Rd2+ {[%clk 1:30:30]} 46. Ke3 {[%clk 1:30:30]} Rg2 {[%clk 1:30:30]} 47. Kf3
{[%clk 1:30:30]} Rb2 {[%clk 1:30:30]} 48. Ra1 {[%clk 1:30:30]} Rb3 {[%clk
1:30:30]} 49. Rc1 {[%clk 1:30:30]} Kb5 {[%clk 1:30:30]} 50. g4 {[%clk 1:30:30]}
Kxa5 {[%clk 1:30:30]} 51. gxf5 {[%clk 1:30:30]} gxf5 {[%clk 1:30:30]} 52. h5
{[%clk 1:30:30]} Kb5 {[%clk 1:30:30]} 53. h6 {[%clk 1:30:30]} a5 {[%clk 1:30:30]}
54. Kg3 {[%clk 1:30:30]} a4 {[%clk 1:30:30]} 55. Kh4 {[%clk 1:30:30]} a3 {[%clk
1:30:30]} 56. Kg5 {[%clk 1:30:30]} Ka4 {[%clk 1:30:30]} 57. Kf6 {[%clk 1:30:30]}
a2 {[%clk 1:30:30]} 58. Ra1 {[%clk 1:30:30]} Ka3 {[%clk 1:30:30]} 59. Kxe6 {[%clk
1:30:30]} Kb2 {[%clk 1:30:30]} 60. Rxa2+ {[%clk 1:30:30]} Kxa2 {[%clk 1:30:30]}
61. Kxf5 {[%clk 1:30:30]} Rxc3 {[%clk 1:30:30]} 62. Ke4 {[%clk 1:30:30]} Rc1
{[%clk 1:30:30]} 63. Kd4 {[%clk 1:30:30]} c3 {[%clk 1:30:30]} 64. e6 {[%clk
1:30:30]} c2 {[%clk 1:30:30]} 65. Kd3 {[%clk 1:30:30]} Kb2 {[%clk 1:30:30]} 66.
Ke2 {[%clk 1:30:30]} Rd1 {[%clk 1:30:30]} 67. f5 {[%clk 1:30:30]} c1Q {[%clk
1:30:30]} 68. Kf3 {[%clk 1:30:30]} Rd3+ {[%clk 1:30:30]} 69. Ke4 {[%clk 1:30:30]}
Qc4+ {[%clk 1:30:30]} 0-1